| 000 | 00851nam a22002417a 4500 | ||
|---|---|---|---|
| 999 |
_c13235 _d13235 |
||
| 008 | 190215b ||||| |||| 00| 0 eng d | ||
| 020 | _a978-971-821-744-3 | ||
| 082 |
_22018 _aDFil 155.9042 _bH717 |
||
| 100 |
_aOtig,Vergie S. _936989 |
||
| 245 |
_aA Holistic approach in understanding: _bThe Self / _cVergie S. Otig [and four others]. |
||
| 260 |
_aMalabon City : _bMUTYA Publishing House, Inc., _c©2018. |
||
| 300 |
_axi, 199 pages: _billustrations; _c25 cm. |
||
| 500 | _aIncludes references. | ||
| 650 |
_aMind and body. _936990 |
||
| 650 |
_aStress management. _936991 |
||
| 650 |
_aStress (Psychology). _918266 |
||
| 700 |
_aOtig, Vergie S. _936992 |
||
| 700 |
_aGallinero, Winston B. _936993 |
||
| 700 |
_aBataga, Noemi U. _92928 |
||
| 700 |
_aSalado, Fritzie B. _936994 |
||
| 700 |
_aVisande, Josephine C. _936995 |
||
| 942 |
_2ddc _cDFIL |
||